000 00413nam a2200169Ia 4500
008 210210b1918 xxu||||| |||| 00| 0 eng d
041 _aeng
082 _a550/18
100 _aRUTLEY (Frank)
245 _aElements of mineralogy
260 _aNew York
_bD Van Nostrand company, Inc.
_c1918
300 _a394
650 _amineralogy
650 _aElements
690 _aPhysical Chemistry
906 _a009969
999 _c128142
_d128142